Štátny podnik Tokaj na okraji priepasti výrobcu kráľa vín čaká konkurz alebo privatizácia

Bibliographic Details
Main Author: Matejovič, Róbert, 1967- (Author)
Format: Article
Language:Slovak
PhysicalDescription:Obr.
Subjects:

MARC

LEADER 00000nab a2200000 a 4500
001 vtls000656842
003 SK-MaSNL
005 20260303184941.0
008 180206c1998 xo 0 slo
015 |a SNBRA1998/03-08341 
035 |a CLN000009034 
040 |a SNKBUCL  |b slo  |c SNKBUCL  |e AACR2 
041 0 |a slo 
044 |a xo  |c SK 
080 |a 663.2:061.5(437.6)  |2 UDC-MRF-SK2 
080 |a 634.8  |2 UDC-MRF-SK2 
100 1 |a Matejovič, Róbert,  |d 1967-  |4 aut  |9 9938 
245 1 0 |a Štátny podnik Tokaj na okraji priepasti  |b výrobcu kráľa vín čaká konkurz alebo privatizácia  |c Róbert Matejovič 
300 |b Obr. 
610 2 7 |a Tokaj (Slovenské Nové Mesto, Slovensko)  |2 snkbucl  |9 174882 
655 7 |a články z novín a časopisov  |2 snkbucl  |9 267496 
773 0 |t Slovenský profit  |g Roč. 6, č. 14 (1998), s. 2 
850 |a Slovenská národná knižnica v Martine 
852 |a SNK  |b KIS3GCP 
958 |a RBX 
999 |c 2129014  |d 2130944